<?xml version="1.0" encoding="UTF-8"?>
<marc:record xmlns:marc="http://www.loc.gov/MARC21/slim">
   <marc:leader>00000nam a2200000 a 4500</marc:leader>
   <marc:datafield ind1="0" ind2="0" tag="245">
      <marc:subfield code="a">Diego Drachenzahn</marc:subfield>
   </marc:datafield>
   <marc:datafield ind1="0" ind2="0" tag="245">
      <marc:subfield code="b">; ein feuriges Geschicklichkeits- und Bluffspiel</marc:subfield>
   </marc:datafield>
   <marc:datafield ind1=" " ind2="1" tag="264">
      <marc:subfield code="b">Haba</marc:subfield>
   </marc:datafield>
   <marc:datafield ind1="1" ind2=" " tag="520">
      <marc:subfield code="a">Spieldauer: ca. 15 Minuten Diego Drachenzahn ist ein ziemlich großer Unruhestifter. Mit seinem Feuer setzt er so manchen Busch in Flammen. Aber auch Diegos Konkurrenten sind keine Meisterschützen und verfehlen oft genug ihr Ziel. Wer gewinnt wohl den feurigen Drachenkampf?</marc:subfield>
   </marc:datafield>
</marc:record>
